000 00386nam a22001457a 4500
005 20200619150539.0
008 200619b xxu||||| |||| 00| 0 eng d
082 _a345.4 LIC
110 _aALL INDIA REPORTER
_96235
245 _aLABOUR AND INDUSTRIAL CASES [1980] V-13 JOURNAL
260 _aMUMBAI
_bALL INDIA REPORTER Pvt.Ltd
300 _a593p.
650 _aLAW
_95701
942 _cJRL
999 _c7330
_d7328